Countries That End in Y - Statistics

General Stats
  • This quiz has been taken 50 times
  • The average score is 5 of 7
Answer Stats
Country % Correct
Paraguay
87%
Uruguay
87%
Germany
76%
Italy
76%
Norway
74%
Hungary
61%
Turkey
46%
No matching quizzes found
Score Distribution
Percent of People with Each Score
Percentile by Number Answered
Your Score History
You have not taken this quiz